Higher energy astrophysics (Record no. 76186)

MARC details
000 -LEADER
fixed length control field 01129nam a2200193 a 4500
008 - FIXED-LENGTH DATA ELEMENTS--GENERAL INFORMATION
fixed length control field 120416s0000 ||||||||||||||||| || u
020 ## - INTERNATIONAL STANDARD BOOK NUMBER
International Standard Book Number 0521434394
050 ## - LIBRARY OF CONGRESS CALL NUMBER
Classification number QB 464 Lon
100 ## - MAIN ENTRY--PERSONAL NAME
Personal name Longair, Malcolm S
245 10 - TITLE STATEMENT
Title Higher energy astrophysics
250 ## - EDITION STATEMENT
Edition statement 2nd ed.
260 ## - PUBLICATION, DISTRIBUTION, ETC.
Place of publication, distribution, etc. Cambridge
Name of publisher, distributor, etc. The University Press
Date of publication, distribution, etc. 1994
350 ## -
-- 0.00
995 ## -
-- ANNEX COLLECTION (Main Library)
-- 0.00
-- 728177
-- CBU-MAIN LIBRARY (Kitwe)
-- 5
-- 45.00
-- QB 464 Lon
-- AVAILABLE
-- 026444
-- Annex Low-Usage Collection
995 ## -
-- ANNEX COLLECTION (Main Library)
-- 0.00
-- 026445
-- CBU-MAIN LIBRARY (Kitwe)
-- 1
-- 45.00
-- QB 464 Lon
-- AVAILABLE
-- 026445
-- Annex Low-Usage Collection
995 ## -
-- ANNEX COLLECTION (Main Library)
-- 0.00
-- 026272
-- CBU-MAIN LIBRARY (Kitwe)
-- 2
-- 45.00
-- QB 464 Lon
-- AVAILABLE
-- 026272
-- Annex Low-Usage Collection
995 ## -
-- ANNEX COLLECTION (Main Library)
-- 0.00
-- 728178
-- CBU-MAIN LIBRARY (Kitwe)
-- 3
-- 45.00
-- QB 464 Lon
-- AVAILABLE
-- 026443
-- Annex Low-Usage Collection
995 ## -
-- ANNEX COLLECTION (Main Library)
-- 0.00
-- 026271
-- CBU-MAIN LIBRARY (Kitwe)
-- 4
-- 45.00
-- QB 464 Lon
-- AVAILABLE
-- 026271
-- Annex Low-Usage Collection
999 ## -
-- 76186
-- 76186
Holdings
Withdrawn status Lost status Source of classification or shelving scheme Damaged status Not for loan Permanent Location Current Location Shelving location Date acquired Total Checkouts Full call number Barcode Date last seen Copy number Price effective from Koha item type
          CBU-MAIN LIBRARY, KITWE. CBU-MAIN LIBRARY, KITWE.   04/25/2023   QB 464 Lon 026444 04/25/2023 1 04/25/2023 MONOGRAPH
          CBU-MAIN LIBRARY, KITWE. CBU-MAIN LIBRARY, KITWE.   04/25/2023   QB 464 Lon 026445 04/25/2023 2 04/25/2023 MONOGRAPH
          CBU-MAIN LIBRARY, KITWE. CBU-MAIN LIBRARY, KITWE.   04/25/2023   QB 464 Lon 026272 04/25/2023 3 04/25/2023 MONOGRAPH
          CBU-MAIN LIBRARY, KITWE. CBU-MAIN LIBRARY, KITWE.   04/25/2023   QB 464 Lon 026443 04/25/2023 4 04/25/2023 MONOGRAPH
          CBU-MAIN LIBRARY, KITWE. CBU-MAIN LIBRARY, KITWE.   04/25/2023   QB 464 Lon 026271 04/25/2023 5 04/25/2023 MONOGRAPH